000 00198 a2200097 4500
001 3009
100 _aPen, R
245 _aIntrodction to music
260 _a
_bMc Graw-Hill
_c
090 _c2294
_d2294
942 _aNUST-CAE
_cM
_c14380
999 _c238082
_d238082